Normal view
MARC view
- Sharif, Marium
Entry Personal Name
001 - CONTROL NUMBER
- control field: 109147
003 - CONTROL NUMBER IDENTIFIER
- control field: NUST
005 - DATE AND TIME OF LATEST TRANSACTION
- control field: 20230216123419.0
008 - FIXED-LENGTH DATA ELEMENTS
- fixed length control field: 230216|| aca||aabn | a|a d
040 ## - CATALOGING SOURCE
- Original cataloging agency: NUST
- Transcribing agency: NUST
100 ## - HEADING--PERSONAL NAME
- Personal name: Sharif, Marium
670 ## - SOURCE DATA FOUND
- Source citation: Work cat.: (NUST): Sharif, Marium, Urdu Handwriting Generation using Generative Adversarial Networks
